000 00555nam a22001937a 4500
003 BD-ChCU
005 20241031093555.0
008 241031b bg ||||| |||| 00| 0eng d
020 _a9789843458131
040 _cBD-ChCU
082 _222
_a954.92 S187h
100 _aSamad, Abdus.
_95190
245 _aHistory of liberation war of Bangladesh /
_cAbdus Samad.
260 _aDhaka :
_bAparajeyo Bangla;
_c2019
300 _a360 p .
504 _aIncludes
650 0 _aBangladesh history-liberation war; Bangladesh history.
_95192
942 _2ddc
_cBK
_n0
999 _c104332
_d104332